| 000 | 01132cam a22003135a 4500 | ||
|---|---|---|---|
| 003 | EG-ScBUE | ||
| 005 | 20220510100204.0 | ||
| 008 | 030919r20052003enka f b 001 0 eng d | ||
| 020 | _a0521536197 | ||
| 020 | _a9780521536196 | ||
| 040 |
_aStDuBDS _beng _erda _dUk _dEG-ScBUE _cEG-ScBUE |
||
| 082 | 0 | 4 |
_a428.0071 _bWIL _222 |
| 100 | 1 |
_aWillis, David, _eauthor. _940819 |
|
| 245 | 1 | 0 |
_aRules, patterns and words : _bgrammar and lexis in English language teaching / _cDavid Willis. |
| 250 | _aReprint edition. | ||
| 264 | 1 |
_aCambridge : _bCambridge University Press, _c2005. |
|
| 300 |
_aviii, 238 pages : _billustrations ; _c24 cm. |
||
| 336 |
_2rdacontent _atext _btxt |
||
| 337 |
_2rdamedia _aunmediated _bn |
||
| 338 |
_2rdacarrier _avolume _bnc |
||
| 490 | 0 | _aCambridge language teaching library | |
| 504 | _aIncludes bibliographical references and index. | ||
| 650 | 7 |
_aEnglish language _xGrammar _xStudy and teaching. _2BUEsh _97688 |
|
| 650 | 7 |
_aEnglish language _xGrammar _xStudy and teaching _xActivity programs. _2BUEsh |
|
| 651 | _2BUEsh | ||
| 653 |
_bHHUUEENN _cMay2019 |
||
| 655 |
_vReading book _934232 |
||
| 942 |
_2ddc _cBB |
||
| 999 |
_c27450 _d27421 |
||